[Event "Rodovre-ch B"]
[Site "Rodovre"]
[Date "2005.09.27"]
[Round "4"]
[White "Thrane, Jens S"]
[Black "Rohder, Bjarne"]
[Result "1-0"]
[WhiteElo "1468"]
[BlackElo "1465"]
[PlyCount "57"]
[EventDate "2005.09.06"]
[EventType "tourn"]
[EventRounds "7"]
[EventCountry "DEN"]
[SourceTitle "EXT 2023"]
[Source "ChessBase"]
[SourceDate "2022.10.05"]
[SourceVersion "1"]
[SourceVersionDate "2022.10.05"]
[SourceQuality "1"]

1. d4 d5 2. c4 e6 3. Nc3 Nc6 4. Be3 Nf6 5. f3 Bb4 6. Bf2 e5 7. a3 Bxc3+ 8. bxc3 exd4 9. cxd5 Nxd5 10. cxd4 a6 11. e4 Qe7 12. Bc4 Nf4 13. Bf1 Bd7 14. Qd2 Ng6 15. Bc4 Rd8 16. Ne2 Qf6 17. 0-0 Be6 18. Bxe6 fxe6 19. Qc3 0-0 20. a4 Nh4 21. Rad1 Qg5 22. Bg3 Qe7 23. Rb1 Rb8 24. Rb3 Ng6 25. Rfb1 e5 26. Rxb7 Qd7 27. Rxb8 Rxb8 28. Rxb8+ Nxb8 29. Qb3+ 1-0

[Event "Rodovre-ch C"]
[Site "Rodovre"]
[Date "2004.08.31"]
[Round "1"]
[White "Thrane, Jens S"]
[Black "Bahl, Carsten"]
[Result "1-0"]
[WhiteElo "1431"]
[BlackElo "1408"]
[PlyCount "85"]
[EventDate "2004.08.31"]
[EventType "tourn"]
[EventRounds "7"]
[EventCountry "DEN"]
[SourceTitle "EXT 2023"]
[Source "ChessBase"]
[SourceDate "2022.10.05"]
[SourceVersion "1"]
[SourceVersionDate "2022.10.05"]
[SourceQuality "1"]

1. d4 Nf6 2. c4 e6 3. Nc3 Bb4 4. f3 c5 5. d5 d6 6. e4 e5 7. Nge2 Bd7 8. Rb1 Bxc3+ 9. Nxc3 a6 10. a3 0-0 11. Bd3 Nh5 12. 0-0 Qh4 13. Be3 Nf4 14. g3 Nh3+ 15. Kh1 Qe7 16. Qc2 g5 17. Rbd1 Bc8 18. Ne2 Nd7 19. Ng1 Nxg1 20. Kxg1 Kh8 21. Rd2 Rg8 22. Rdf2 Nf6 23. Kg2 Nh5 24. b4 Bd7 25. h3 Rg7 26. Kh2 Rf8 27. Rh1 f6 28. Rg2 Rgf7 29. Kg1 Kg8 30. Qd2 Ng7 31. g4 Ne8 32. bxc5 dxc5 33. h4 Rg7 34. Kf2 b6 35. Rgh2 h6 36. Rb1 f5 37. exf5 Rf6 38. hxg5 hxg5 39. Qb2 Qd6 40. Rbh1 Nc7 41. Rh5 b5 42. Bxg5 Rff7 43. Rh8# 1-0

[Event "Hillerod-ch C"]
[Site "Hillerod"]
[Date "2004.04.27"]
[Round "1"]
[White "Nielsen, Leo"]
[Black "Thrane, Jens S"]
[Result "0-1"]
[WhiteElo "1433"]
[BlackElo "1391"]
[PlyCount "140"]
[EventDate "2004.04.27"]
[EventType "tourn"]
[EventRounds "7"]
[EventCountry "DEN"]
[SourceTitle "EXT 2023"]
[Source "ChessBase"]
[SourceDate "2022.10.05"]
[SourceVersion "1"]
[SourceVersionDate "2022.10.05"]
[SourceQuality "1"]

1. d4 Nf6 2. c4 c6 3. b4 d5 4. c5 a5 5. Bd2 axb4 6. Bxb4 Na6 7. Bc3 Ne4 8. f3 Nxc3 9. Nxc3 g6 10. e3 Bg7 11. Bxa6 Rxa6 12. Nge2 e5 13. 0-0 0-0 14. Na4 Qg5 15. f4 exf4 16. Rxf4 Re8 17. Qb3 Qe7 18. Kf2 Bh6 19. Nb6 Bxf4 20. Nxf4 Bf5 21. a4 Qe4 22. Nfxd5 cxd5 23. Nxd5 Qc2+ 24. Qxc2 Bxc2 25. Nb4 Be4 26. Nxa6 bxa6 27. Rc1 Re6 28. Rc3 a5 29. Rb3 Kf8 30. Rb2 Ke7 31. Kg3 Kd7 32. Kf4 h6 33. g4 Bc6 34. h4 Re4+ 35. Kf3 Rxd4+ 36. Kg3 Rxa4 37. h5 g5 38. Rd2+ Ke7 39. Rd6 Bd7 40. Rxh6 Rxg4+ 41. Kf3 Rh4 42. Ra6 a4 43. h6 f6 44. h7 Rxh7 45. c6 g4+ 46. Kf4 g3 47. Kxg3 Rh3+ 48. Kf2 Be8 49. Ra7+ Kd6 50. c7 Rh2+ 51. Kg3 Rc2 52. Ra6+ Ke5 53. Ra5+ Ke4 54. Ra6 Kf5 55. Ra5+ Kg6 56. Ra7 Bb5 57. Rb7 Bd7 58. Ra7 Rc4 59. Kf2 f5 60. Ke2 Kf6 61. Ra6+ Ke7 62. Ra7 Kd6 63. Kd3 Rxc7 64. Ra6+ Kd5 65. Ra5+ Rc5 66. Ra7 Bb5+ 67. Kd2 Ke4 68. Re7+ Kf3 69. Re6 Rd5+ 70. Ke1 a3 0-1

[Event "Copenhagen-ch"]
[Site "Copenhagen"]
[Date "2003.02.08"]
[Round "2"]
[White "Jensen, Jannick J"]
[Black "Thrane, Jens S"]
[Result "1/2-1/2"]
[WhiteElo "2013"]
[BlackElo "1518"]
[PlyCount "125"]
[EventDate "2003.02.07"]
[EventType "swiss"]
[EventRounds "9"]
[EventCountry "DEN"]
[SourceTitle "EXT 2018"]
[Source "ChessBase"]
[SourceDate "2017.10.13"]
[SourceVersion "1"]
[SourceVersionDate "2017.10.13"]
[SourceQuality "1"]

1. e4 c5 2. Nf3 d6 3. d4 cxd4 4. Nxd4 Nf6 5. Nc3 Nc6 6. Be2 g6 7. Be3 Bg7 8. 0-0 0-0 9. Kh1 a6 10. Nb3 b5 11. a3 Ne5 12. f3 Bb7 13. Qe1 Nc4 14. Bxc4 bxc4 15. Nd4 Qc7 16. Rd1 Rfd8 17. Nde2 d5 18. exd5 Nxd5 19. Nxd5 Rxd5 20. Rxd5 Bxd5 21. Bd4 Bxd4 22. Nxd4 Rb8 23. Qc3 Qb7 24. Rb1 e5 25. Ne2 f6 26. b4 cxb3 27. cxb3 Rc8 28. Qb2 a5 29. h3 Kg7 30. Ng3 Rc6 31. b4 axb4 32. Qxb4 Qc7 33. a4 Rc4 34. Qb5 Rc5 35. Qb4 Rc4 36. Qa3 e4 37. Nxe4 Bxe4 38. fxe4 Rxe4 39. a5 Qe7 40. Qxe7+ Rxe7 41. a6 Re6 42. Ra1 Re8 43. a7 Ra8 44. Kg1 Kf8 45. Kf2 Ke7 46. Ke3 Kd7 47. Kd4 Kc7 48. Kc5 Kb7 49. Kd6 f5 50. Ke7 f4 51. Kf7 g5 52. Kg7 h5 53. Ra5 g4 54. Rxh5 gxh3 55. gxh3 Rxa7 56. Rf5 Kc6+ 57. Kg6 Ra3 58. h4 Rg3+ 59. Kf6 f3 60. h5 Kd7 61. h6 Rh3 62. Kg5 Ke7 63. Kg4 1/2-1/2